Network management : Principles and practice (Record no. 175217)

MARC details
000 -LEADER
fixed length control field 00382nam a2200145Ia 4500
008 - FIXED-LENGTH DATA ELEMENTS--GENERAL INFORMATION
fixed length control field 231217s9999 xx 000 0 und d
041 ## - LANGUAGE CODE
Language code of text/sound track or separate title English
082 ## - DEWEY DECIMAL CLASSIFICATION NUMBER
Classification number 001.64404 MAN;5
100 ## - MAIN ENTRY--PERSONAL NAME
Personal name Mani, Subramanian.
245 #0 - TITLE STATEMENT
Title Network management : Principles and practice
260 ## - PUBLICATION, DISTRIBUTION, ETC.
Date of publication, distribution, etc. 2000
Name of publisher, distributor, etc. Pearson
Place of publication, distribution, etc. Delhi
300 ## - PHYSICAL DESCRIPTION
Extent xxiii+644
650 ## - SUBJECT ADDED ENTRY--TOPICAL TERM
Topical term or geographic name entry element Network,management,:
942 ## - ADDED ENTRY ELEMENTS (KOHA)
Koha item type Books
Holdings
Date last seen Total checkouts Full call number Accession number Uniform resource identifier Cost, total (INR) price Price effective from Category Lost status Damaged status Department Withdrawn status Home library Current library Shelving location Entry date Vendor Cost, normal purchase price Grants Billnumber Billdate Currency symbol Conversion rate Discount Old discount
26/01/2024   001.64404 MAN;5 35269 digital/contents/58099.pdf 297.50 04/06/2005 Books     Central Library   Central Library Central Library Central Library 04/06/2005 Sapna Book House 350.00 IS 28422 29/10/2004 RS 1 52.5 15
26/01/2024   001.64404 MAN;6 35270 digital/contents/58099.pdf 297.50 04/06/2005 Books     Central Library   Central Library Central Library Central Library 04/06/2005 Sapna Book House 350.00 IS 28422 29/10/2004 RS 1 52.5 15
26/01/2024   001.64404 MAN;7 35271 digital/contents/58099.pdf 297.50 04/06/2005 Books     Central Library   Central Library Central Library Central Library 04/06/2005 Sapna Book House 350.00 IS 28422 29/10/2004 RS 1 52.5 15
26/01/2024   001.64404 MAN;8 35272 digital/contents/58099.pdf 297.50 04/06/2005 Books     Central Library   Central Library Central Library Central Library 04/06/2005 Sapna Book House 350.00 IS 28422 29/10/2004 RS 1 52.5 15
26/01/2024   001.64404 MAN;9 35273 digital/contents/58099.pdf 297.50 04/06/2005 Books     Central Library   Central Library Central Library Central Library 04/06/2005 Sapna Book House 350.00 IS 28422 29/10/2004 RS 1 52.5 15
26/01/2024   001.64404 MAN;10 37873 digital/contents/58099.pdf 280.00 26/01/2024 Books     Central Library   Central Library Central Library Central Library 15/09/2005 Sapna Book House 350.00 CS 30047 09/03/2012 RS 1 70 20

© For any Suggestions or Query, please contact the library staff @ librarian@pes.edu or Phone: +9180 2672 1983/ 2108.